[Event "Carlos Torre Memorial op 33rd"]
[Site "Merida"]
[Date "2023.12.19"]
[Round "9"]
[White "Diaz Perez, Michel Alejandro"]
[Black "Rios, Cristhian Camilo"]
[Result "1-0"]
[WhiteElo "2459"]
[BlackElo "2473"]
[PlyCount "75"]
[EventDate "2023.12.15"]
[EventType "swiss"]
[EventRounds "9"]
[EventCountry "MEX"]
[SourceTitle "CB52_2023"]
[SourceDate "2023.12.27"]
[SourceVersion "1"]
[SourceVersionDate "2023.12.27"]
[SourceQuality "1"]

1. e4 c5 2. Nf3 e6 3. d4 cxd4 4. Nxd4 Nf6 5. Nc3 d6 6. Be2 Be7 7. 0-0 0-0 8. Be3 Nc6 9. f4 Bd7 10. Nb3 a6 11. a4 b6 12. Bf3 Qc7 13. g4 Bc8 14. g5 Nd7 15. Bg2 Re8 16. Rf3 Bb7 17. Rh3 g6 18. Qe1 Nb4 19. Qh4 Nf8 20. Qf2 Nd7 21. Rf1 Qc4 22. Rd1 Qc7 23. Rf1 Qc4 24. f5 exf5 25. exf5 Bxg2 26. Qxg2 d5 27. fxg6 fxg6 28. Rxh7 Ne5 29. Rf4 Kxh7 30. Qh3+ Kg7 31. Rxc4 dxc4 32. Nd4 Nbc6 33. Nxc6 Nxc6 34. Qh6+ Kf7 35. Qh7+ Ke6 36. Qxg6+ Kd7 37. Qf5+ Kc7 38. Bf4+ 1-0

[Event "Carlos Torre Memorial op 33rd"]
[Site "Merida"]
[Date "2023.12.17"]
[Round "5"]
[White "Perez Leiva, Jerzy Jesus"]
[Black "Rios, Cristhian Camilo"]
[Result "1/2-1/2"]
[WhiteElo "2355"]
[BlackElo "2473"]
[PlyCount "63"]
[EventDate "2023.12.15"]
[EventType "swiss"]
[EventRounds "9"]
[EventCountry "MEX"]
[SourceTitle "CB52_2023"]
[SourceDate "2023.12.27"]
[SourceVersion "1"]
[SourceVersionDate "2023.12.27"]
[SourceQuality "1"]

1. d4 Nf6 2. c4 e6 3. Nc3 d5 4. cxd5 exd5 5. Bg5 c6 6. e3 Bd6 7. Bd3 0-0 8. Nf3 Re8 9. 0-0 Nbd7 10. Qc2 Nf8 11. h3 h6 12. Bf4 Bxf4 13. exf4 Qd6 14. Ne5 b6 15. Rac1 Ne6 16. Ne2 Bb7 17. Bf5 Rac8 18. Qa4 a5 19. Rfd1 Rc7 20. Qb3 Ba6 21. Ng3 c5 22. Bxe6 fxe6 23. Qc2 Rec8 24. Qg6 cxd4 25. Rxc7 Qxc7 26. Rxd4 Qc1+ 27. Kh2 Qxb2 28. Nh5 Nxh5 29. Qxe6+ Kh8 30. Qg6 Qxd4 31. Nf7+ Kg8 32. Nxh6+ 1/2-1/2

[Event "Carlos Torre Memorial op 33rd"]
[Site "Merida"]
[Date "2023.12.17"]
[Round "6"]
[White "Rios, Cristhian Camilo"]
[Black "Forgas Moreno, Yaniela"]
[Result "1-0"]
[WhiteElo "2473"]
[BlackElo "2260"]
[PlyCount "59"]
[EventDate "2023.12.15"]
[EventType "swiss"]
[EventRounds "9"]
[EventCountry "MEX"]
[SourceTitle "CB52_2023"]
[SourceDate "2023.12.27"]
[SourceVersion "1"]
[SourceVersionDate "2023.12.27"]
[SourceQuality "1"]

1. e4 c5 2. Nf3 d6 3. d4 cxd4 4. Nxd4 Nf6 5. Nc3 a6 6. h3 e6 7. g4 h6 8. Bg2 g5 9. Be3 Nbd7 10. Qe2 Qc7 11. 0-0-0 Ne5 12. f4 gxf4 13. Bxf4 Nfd7 14. Rhf1 b5 15. Qf2 Be7 16. Nf3 Bb7 17. Nxe5 dxe5 18. Bxh6 f6 19. g5 0-0-0 20. gxf6 Nxf6 21. Bg7 Nh5 22. Bxh8 Rxh8 23. Bf3 Nf4 24. Bg4 Kb8 25. Ne2 Qc4 26. Nxf4 Bg5 27. Kb1 exf4 28. Rd4 Qc6 29. e5 Qc7 30. Rd6 1-0

[Event "COL-chT"]
[Site "Risaralda"]
[Date "2023.11.23"]
[Round "7.3"]
[White "Araque, Rafael"]
[Black "Rios, Cristhian Camilo"]
[Result "0-1"]
[WhiteElo "2146"]
[BlackElo "2475"]
[PlyCount "92"]
[EventDate "2023.11.19"]
[EventType "team-swiss"]
[EventRounds "7"]
[EventCountry "COL"]
[SourceTitle "CB49_2023"]
[SourceDate "2023.12.06"]
[SourceVersion "1"]
[SourceVersionDate "2023.12.06"]
[SourceQuality "1"]
[WhiteTeam "Boyaca"]
[BlackTeam "Risaralda"]
[WhiteTeamCountry "COL"]
[BlackTeamCountry "COL"]

1. d4 Nf6 2. g3 e6 3. Bg2 d5 4. Nf3 b5 5. 0-0 Nbd7 6. a4 b4 7. c4 bxc3 8. Nxc3 Bb7 9. Bf4 a6 10. Qb3 Ra7 11. e4 Nxe4 12. Nxe4 dxe4 13. Ng5 Nf6 14. Rfe1 Bd6 15. Be5 0-0 16. Rac1 Bd5 17. Qc2 Bxe5 18. dxe5 Nd7 19. f4 Nxe5 20. Nxh7 Kxh7 21. fxe5 c6 22. Bxe4+ Kg8 23. Qc5 Rb7 24. b4 Qb6 25. Bxd5 cxd5 26. Rb1 Rfb8 27. Rec1 Qxc5+ 28. Rxc5 Rxb4 29. Rxb4 Rxb4 30. Ra5 Rb6 31. Rc5 Rb1+ 32. Kg2 Rb2+ 33. Kf3 Rxh2 34. Ra5 Rh5 35. Rxa6 Rxe5 36. Rd6 Re4 37. a5 Ra4 38. a6 g5 39. Ke2 Kg7 40. Kd2 Kf6 41. Kc2 Ke5 42. Rb6 f5 43. Kb3 Ra1 44. Kb4 f4 45. gxf4+ gxf4 46. Kb5 f3 0-1

[Event "Oruro Baptista Memorial"]
[Site "Oruro"]
[Date "2023.11.03"]
[Round "5"]
[White "Perez Rodriguez, Cesar Alejandro"]
[Black "Rios, Cristhian Camilo"]
[Result "1-0"]
[WhiteElo "2308"]
[BlackElo "2475"]
[PlyCount "53"]
[EventDate "2023.11.01"]
[EventType "swiss"]
[EventRounds "9"]
[EventCountry "BOL"]
[SourceTitle "Mega2024 Update 01"]
[Source "Chessbase"]
[SourceDate "2023.11.12"]
[SourceVersion "1"]
[SourceVersionDate "2023.11.12"]
[SourceQuality "1"]

1. e4 c5 2. Nf3 Nc6 3. Bb5 e5 4. 0-0 Bd6 5. d4 Nxd4 6. Bc4 Nf6 7. Ng5 b5 8. Bxf7+ Ke7 9. Bd5 Nxd5 10. exd5 Qf8 11. Ne4 Kd8 12. f4 exf4 13. c3 Nf5 14. Nxd6 Qxd6 15. Bxf4 Qg6 16. a4 Ba6 17. Rf2 Re8 18. axb5 Bxb5 19. Na3 Ba6 20. Qa4 Ne3 21. Qa5+ Qb6 22. Qxb6+ axb6 23. Nb5 Nxd5 24. Bg5+ Nf6 25. Rxf6 gxf6 26. Bxf6+ Re7 27. Nd6 1-0

[Event "Feffernitz op 32nd"]
[Site "Feffernitz"]
[Date "2023.08.09"]
[Round "6"]
[White "Vasquez Schroder, Rodrigo Rafael"]
[Black "Rios, Cristhian Camilo"]
[Result "1/2-1/2"]
[WhiteElo "2470"]
[BlackElo "2450"]
[PlyCount "29"]
[EventDate "2023.08.05"]
[EventType "swiss"]
[EventRounds "9"]
[EventCountry "AUT"]
[SourceTitle "CBM 215 Extra"]
[Source "ChessBase"]
[SourceDate "2023.09.30"]
[SourceVersion "1"]
[SourceVersionDate "2023.09.30"]
[SourceQuality "1"]

1. d4 d5 2. c4 dxc4 3. e4 Nf6 4. e5 Nd5 5. Bxc4 Nb6 6. Bb3 Nc6 7. Nf3 Bg4 8. Ng5 Bxd1 9. Bxf7+ Kd7 10. Be6+ Ke8 11. Bf7+ Kd7 12. Be6+ Ke8 13. Bf7+ Kd7 14. Be6+ Ke8 15. Bf7+ 1/2-1/2

[Event "Monteolivete op 3rd"]
[Site "Alboraia"]
[Date "2023.07.22"]
[Round "8"]
[White "Pacan Milej, Kosma"]
[Black "Rios, Cristhian Camilo"]
[Result "1/2-1/2"]
[WhiteElo "2402"]
[BlackElo "2466"]
[PlyCount "71"]
[EventDate "2023.07.17"]
[EventType "swiss"]
[EventRounds "9"]
[EventCountry "ESP"]
[SourceTitle "CBM 215 Extra"]
[Source "ChessBase"]
[SourceDate "2023.09.30"]
[SourceVersion "1"]
[SourceVersionDate "2023.09.30"]
[SourceQuality "1"]

1. d4 Nf6 2. c4 e6 3. Nc3 Bb4 4. e3 0-0 5. Bd2 Re8 6. Nf3 d5 7. cxd5 exd5 8. Bd3 Bd6 9. 0-0 c6 10. Qc2 Qe7 11. Rac1 Nbd7 12. g3 Ne4 13. Nh4 Ndf6 14. Ng2 Bh3 15. Rce1 Ng4 16. Bc1 Qg5 17. Nxe4 dxe4 18. Bxe4 Qh6 19. Bd3 Bxg2 20. Kxg2 Qxh2+ 21. Kf3 Qh3 22. Bxh7+ Kf8 23. Qf5 Nh2+ 24. Ke2 Qxf5 25. Bxf5 Nxf1 26. Rxf1 c5 27. dxc5 Bxc5 28. Bd2 Rad8 29. Rh1 Kg8 30. Bc3 Bd6 31. Rh5 b6 32. Bh7+ Kf8 33. Bd3 Kg8 34. Bh7+ Kf8 35. Bd3 Kg8 36. Bh7+ 1/2-1/2

[Event "Bhubaneswar op-A 14th"]
[Site "Bhubaneswar"]
[Date "2023.06.18"]
[Round "10"]
[White "Dere, Pushkar"]
[Black "Rios, Cristhian Camilo"]
[Result "1/2-1/2"]
[WhiteElo "2166"]
[BlackElo "2474"]
[PlyCount "60"]
[EventDate "2023.06.11"]
[EventType "swiss"]
[EventRounds "10"]
[EventCountry "IND"]
[SourceTitle "CBM 214 Extra"]
[Source "ChessBase"]
[SourceDate "2023.07.31"]
[SourceVersion "1"]
[SourceVersionDate "2023.07.31"]
[SourceQuality "1"]

1. e4 c5 2. c3 d5 3. exd5 Qxd5 4. d4 Nf6 5. Nf3 e6 6. Na3 Nc6 7. Be3 cxd4 8. Nb5 Qd8 9. Nbxd4 Nd5 10. Bd3 Nxe3 11. fxe3 Bc5 12. Qc2 h6 13. 0-0-0 Qc7 14. Kb1 Bd7 15. e4 a6 16. Qe2 0-0-0 17. Nb3 Ba7 18. Rhf1 f6 19. Bc4 Ne5 20. Nxe5 Qxe5 21. Nd4 h5 22. Nf3 Qc5 23. e5 Kb8 24. Rd6 Bc8 25. b4 Qc7 26. Rfd1 fxe5 27. Qxe5 Rxd6 28. Qxd6 Bb6 29. Qxc7+ Bxc7 30. Re1 Rh6 1/2-1/2

[Event "Dubai op-A 23rd"]
[Site "Dubai"]
[Date "2023.06.04"]
[Round "9"]
[White "Rios, Cristhian Camilo"]
[Black "Yuffa, Daniil"]
[Result "0-1"]
[WhiteElo "2469"]
[BlackElo "2592"]
[PlyCount "116"]
[EventDate "2023.05.27"]
[EventType "swiss"]
[EventRounds "9"]
[EventCountry "UAE"]
[SourceTitle "CBM 214 Extra"]
[Source "ChessBase"]
[SourceDate "2023.07.31"]
[SourceVersion "1"]
[SourceVersionDate "2023.07.31"]
[SourceQuality "1"]

1. d4 Nf6 2. c4 g6 3. Nc3 Bg7 4. e4 d6 5. Be2 e5 6. dxe5 dxe5 7. Qxd8+ Kxd8 8. Nf3 Nc6 9. Be3 Be6 10. 0-0-0+ Nd7 11. Rd2 h6 12. Rhd1 Kc8 13. h3 a6 14. Kb1 b6 15. a3 Nc5 16. Ka2 a5 17. Bxc5 bxc5 18. Na4 Bf8 19. Rc1 f5 20. Bd3 Be7 21. Re2 Bd6 22. Ree1 Rf8 23. Nd2 Bd7 24. Nc3 Nd4 25. Nb5 Kb7 26. Nxd4 exd4 27. g3 g5 28. exf5 Bxf5 29. Bxf5 Rxf5 30. Ne4 Rf3 31. Rcd1 Kc6 32. Kb1 Rg8 33. Kc2 Rb8 34. Rd2 Bf8 35. Red1 Rfb3 36. Rb1 a4 37. Rd3 Rxd3 38. Kxd3 Rb3+ 39. Kc2 Bg7 40. Nd2 d3+ 41. Kd1 Rxb2 42. Rxb2 Bxb2 43. Nb1 Kd6 44. Kd2 Ke5 45. Kxd3 h5 46. Ke3 Bd4+ 47. Ke2 Kf5 48. Kf3 h4 49. Nd2 Bb2 50. Nb1 Ke5 51. Ke3 Bc1+ 52. Kd3 g4 53. f4+ Ke6 54. f5+ Kf7 55. Ke2 gxh3 56. Kf3 h2 57. Kg2 hxg3 58. Nc3 Bb2 0-1

[Event "Dubai op-A 23rd"]
[Site "Dubai"]
[Date "2023.06.03"]
[Round "8"]
[White "Badelka, Olga"]
[Black "Rios, Cristhian Camilo"]
[Result "0-1"]
[WhiteElo "2406"]
[BlackElo "2469"]
[PlyCount "168"]
[EventDate "2023.05.27"]
[EventType "swiss"]
[EventRounds "9"]
[EventCountry "UAE"]
[SourceTitle "CBM 214 Extra"]
[Source "ChessBase"]
[SourceDate "2023.07.31"]
[SourceVersion "1"]
[SourceVersionDate "2023.07.31"]
[SourceQuality "1"]

1. e4 c5 2. Nf3 Nc6 3. Bb5 e6 4. Bxc6 bxc6 5. d3 Ne7 6. Qe2 Ng6 7. h4 h5 8. e5 f6 9. Qe4 Kf7 10. Na3 d5 11. exd6 Qxd6 12. Nc4 Qd5 13. Bd2 e5 14. Ne3 Qxe4 15. dxe4 Nf4 16. 0-0-0 Bg4 17. Nxg4 hxg4 18. Ne1 Ne2+ 19. Kb1 Rd8 20. g3 c4 21. Ng2 c3 22. Be3 Be7 23. Rhe1 Rxd1+ 24. Rxd1 cxb2 25. Rd2 Nc3+ 26. Kxb2 Nxe4 27. Rd7 Rb8+ 28. Kc1 a5 29. Ra7 Rb5 30. Ne1 Ke6 31. Nd3 Nc3 32. Kd2 Nxa2 33. c4 Rb8 34. Rxa5 Nb4 35. Nc5+ Bxc5 36. Bxc5 Rd8+ 37. Ke2 Nd3 38. Be3 Nb2 39. Ra6 Rc8 40. c5 Rc7 41. Bc1 Nc4 42. Kd3 Kd5 43. Ra4 e4+ 44. Kc3 Ne5 45. Be3 Nf3 46. Ra8 Rd7 47. h5 Ne5 48. Re8 Nf7 49. Rg8 Nd8 50. h6 gxh6 51. Rxg4 Nf7 52. Rh4 Ke5 53. Rh5+ Ke6 54. Rh4 f5 55. g4 Rd3+ 56. Kc2 fxg4 57. Rxg4 Kd5 58. Rh4 Ra3 59. Kb2 Ra7 60. Kc3 Re7 61. Bd4 Re6 62. Rh5+ Ng5 63. Be3 Rf6 64. Rh1 Nf7 65. Rd1+ Ke6 66. Kd4 Kf5 67. Rh1 Ng5 68. Kc4 Kg6 69. Kd4 Rf5 70. Ra1 h5 71. Ra6 Rf6 72. Ra8 Kf5 73. Rh8 Nf3+ 74. Kc3 h4 75. Kc2 Rg6 76. Rf8+ Kg4 77. Rf4+ Kh5 78. Rxe4 h3 79. Bf4 Rg4 80. Kd3 Rxf4 81. Rxf4 h2 82. Rf8 Nh4 83. Rh8+ Kg5 84. Rg8+ Kf6 0-1

[Event "Sharjah Challengers 6th"]
[Site "Sharjah"]
[Date "2023.05.25"]
[Round "9"]
[White "Begmuratov, Khumoyun"]
[Black "Rios, Cristhian Camilo"]
[Result "0-1"]
[WhiteElo "2387"]
[BlackElo "2469"]
[PlyCount "116"]
[EventDate "2023.05.17"]
[EventType "swiss"]
[EventRounds "9"]
[EventCountry "UAE"]
[SourceTitle "CBM 214 Extra"]
[Source "ChessBase"]
[SourceDate "2023.07.31"]
[SourceVersion "1"]
[SourceVersionDate "2023.07.31"]
[SourceQuality "1"]

1. e4 c5 2. Nf3 d6 3. Bb5+ Nd7 4. Ba4 Ngf6 5. 0-0 a6 6. c4 e6 7. Nc3 Be7 8. d4 cxd4 9. Qxd4 0-0 10. Bxd7 Nxd7 11. Rd1 b6 12. e5 dxe5 13. Nxe5 Nxe5 14. Qxe5 Bd7 15. Qg3 Ra7 16. Bh6 Bf6 17. Ne4 Qe7 18. Be3 Bxb2 19. Bxb6 Ba4 20. Bc5 Qc7 21. Bxa7 Qxa7 22. Rab1 Bxd1 23. Rxd1 Bd4 24. Qd6 e5 25. Rb1 Qa8 26. Ng5 Qc8 27. Nf3 Qxc4 28. Nxd4 exd4 29. h3 h6 30. Rd1 Qxa2 31. Qxd4 Qe6 32. Qa7 Rc8 33. Ra1 Qf6 34. Rd1 g5 35. Qd7 Rb8 36. Qc7 Re8 37. Qd7 Kf8 38. Qd3 Kg7 39. Qg3 Re4 40. f3 Rd4 41. Re1 Rf4 42. Qf2 a5 43. Qc5 Rf5 44. Qc4 Qb6+ 45. Kh1 Qb4 46. Qc1 Rc5 47. Qd1 Qb2 48. Qd7 Rc1 49. Rxc1 Qxc1+ 50. Kh2 Qf4+ 51. Kh1 a4 52. Qa7 Qb4 53. Qe3 Qb2 54. h4 a3 55. hxg5 h5 56. f4 a2 57. Kh2 a1Q 58. g6 Qbc1 0-1

[Event "Sharjah Challengers 6th"]
[Site "Sharjah"]
[Date "2023.05.24"]
[Round "8"]
[White "Rios, Cristhian Camilo"]
[Black "Liyanage, Ranindu Dilshan"]
[Result "1/2-1/2"]
[WhiteElo "2469"]
[BlackElo "2342"]
[PlyCount "48"]
[EventDate "2023.05.17"]
[EventType "swiss"]
[EventRounds "9"]
[EventCountry "UAE"]
[SourceTitle "CBM 214 Extra"]
[Source "ChessBase"]
[SourceDate "2023.07.31"]
[SourceVersion "1"]
[SourceVersionDate "2023.07.31"]
[SourceQuality "1"]

1. d4 d5 2. c4 e6 3. Nf3 Nf6 4. g3 dxc4 5. Bg2 Bb4+ 6. Bd2 a5 7. a3 Bxd2+ 8. Nbxd2 b5 9. b3 cxb3 10. Qxb3 c6 11. 0-0 0-0 12. Qb2 Nbd7 13. Ne1 Ba6 14. Bxc6 Rb8 15. Bf3 e5 16. Nd3 exd4 17. Qxd4 b4 18. axb4 Bxd3 19. exd3 axb4 20. Nb3 Nb6 21. Ra6 Qxd4 22. Nxd4 Rbd8 23. Rxb6 Rxd4 24. Rb1 Rxd3 1/2-1/2

[Event "Sharjah Challengers 6th"]
[Site "Sharjah"]
[Date "2023.05.23"]
[Round "7"]
[White "Ohanyan, Emin"]
[Black "Rios, Cristhian Camilo"]
[Result "1-0"]
[WhiteElo "2444"]
[BlackElo "2469"]
[PlyCount "51"]
[EventDate "2023.05.17"]
[EventType "swiss"]
[EventRounds "9"]
[EventCountry "UAE"]
[SourceTitle "CBM 214 Extra"]
[Source "ChessBase"]
[SourceDate "2023.07.31"]
[SourceVersion "1"]
[SourceVersionDate "2023.07.31"]
[SourceQuality "1"]

1. d4 Nf6 2. c4 e6 3. Nf3 d5 4. Nc3 Bb4 5. Qa4+ Nc6 6. e3 0-0 7. Qc2 Re8 8. Bd2 Bf8 9. Be2 Nb4 10. Qb1 dxc4 11. Bxc4 b6 12. a3 Ba6 13. Be2 Bxe2 14. Nxe2 Na6 15. e4 c5 16. Qd3 Nc7 17. e5 Nfd5 18. 0-0 h6 19. Rac1 Qd7 20. g4 Qb5 21. Rc4 Ne7 22. Ng3 cxd4 23. g5 Rec8 24. gxh6 gxh6 25. a4 Qxb2 26. Rc2 1-0

[Event "Sharjah Challengers 6th"]
[Site "Sharjah"]
[Date "2023.05.20"]
[Round "4"]
[White "Rios, Cristhian Camilo"]
[Black "Mammadova, Gulnar Marfat Qizi"]
[Result "1/2-1/2"]
[WhiteElo "2469"]
[BlackElo "2349"]
[PlyCount "35"]
[EventDate "2023.05.17"]
[EventType "swiss"]
[EventRounds "9"]
[EventCountry "UAE"]
[SourceTitle "CBM 214 Extra"]
[Source "ChessBase"]
[SourceDate "2023.07.31"]
[SourceVersion "1"]
[SourceVersionDate "2023.07.31"]
[SourceQuality "1"]

1. Nf3 Nf6 2. g3 d5 3. Bg2 e6 4. 0-0 Be7 5. c4 0-0 6. b3 c5 7. Bb2 d4 8. b4 Re8 9. d3 Bf8 10. bxc5 Bxc5 11. Nbd2 e5 12. Nb3 Nbd7 13. Nxc5 Nxc5 14. Ba3 Qa5 15. Bxc5 Qxc5 16. Nd2 Rb8 17. Rb1 b6 18. Qa4 1/2-1/2

[Event "Sharjah Challengers 6th"]
[Site "Sharjah"]
[Date "2023.05.17"]
[Round "1"]
[White "Hany Kamal, Mohamed"]
[Black "Rios, Cristhian Camilo"]
[Result "0-1"]
[WhiteElo "2227"]
[BlackElo "2469"]
[PlyCount "75"]
[EventDate "2023.05.17"]
[EventType "swiss"]
[EventRounds "9"]
[EventCountry "UAE"]
[SourceTitle "CBM 214 Extra"]
[Source "ChessBase"]
[SourceDate "2023.07.31"]
[SourceVersion "1"]
[SourceVersionDate "2023.07.31"]
[SourceQuality "1"]

1. Nf3 Nf6 2. c4 g6 3. Nc3 Bg7 4. e4 e5 5. Nxe5 0-0 6. Nf3 Re8 7. d3 d5 8. cxd5 Nxd5 9. Nxd5 Qxd5 10. Be2 Qd6 11. h3 c5 12. 0-0 Nc6 13. Qc2 b6 14. Bd2 a5 15. Bc3 Nd4 16. Nxd4 Bxd4 17. Kh1 Ba6 18. f4 Rad8 19. Rad1 Qe7 20. f5 Rd6 21. Qb3 Qc7 22. Bxd4 Rxd4 23. fxg6 hxg6 24. Rf6 c4 25. Qxb6 Qxb6 26. Rxb6 cxd3 27. Bg4 Bc8 28. Rb8 Bd7 29. Rxe8+ Bxe8 30. Kg1 Bb5 31. Bf3 Kg7 32. Kf2 Ra4 33. a3 Rc4 34. Ke3 Rc2 35. Rd2 Rc1 36. Rd1 Rc2 37. Rd2 Rc1 38. Rd1 0-1

[Event "Catalunya-chT Gp2 Final"]
[Site "Barcelona"]
[Date "2023.03.11"]
[Round "1.2"]
[White "Rios, Cristhian Camilo"]
[Black "Plat, Vojtech"]
[Result "1/2-1/2"]
[WhiteElo "2469"]
[BlackElo "2530"]
[PlyCount "72"]
[EventDate "2023.03.11"]
[EventType "team-k.o."]
[EventRounds "4"]
[EventCountry "ESP"]
[SourceTitle "EXT 2024"]
[Source "ChessBase"]
[SourceDate "2023.10.10"]
[SourceVersion "1"]
[SourceVersionDate "2023.10.10"]
[SourceQuality "1"]
[WhiteTeam "Mollet"]
[BlackTeam "Lira Vendrellenca"]
[WhiteTeamCountry "ESP"]
[BlackTeamCountry "ESP"]

1. c4 d6 2. d4 e5 3. Nf3 exd4 4. Nxd4 g6 5. g3 Bg7 6. Bg2 Ne7 7. Nc3 0-0 8. 0-0 Nbc6 9. Nc2 Ne5 10. Ne3 Nf5 11. Nxf5 Bxf5 12. Qb3 Be6 13. Bd5 Bh3 14. Rd1 c6 15. Bh1 Qc7 16. f4 Nd7 17. Ne4 Rfe8 18. Be3 Nc5 19. Nxc5 dxc5 20. Bf3 Qb6 21. Kf2 Bxb2 22. Qxb6 axb6 23. Rab1 Rxa2 24. Rd2 Rxe3 25. Kxe3 Ra3+ 26. Kf2 Bd4+ 27. Rxd4 cxd4 28. Rxb6 Ra2 29. Rxb7 Be6 30. Ke1 Bxc4 31. Rb4 Rc2 32. Kd1 Rc3 33. Bxc6 Bxe2+ 34. Kxe2 Rxc6 35. Rxd4 Rc1 36. Rd1 Rc2+ 1/2-1/2

[Event "Catalunya-chT Gp2"]
[Site "Barcelona"]
[Date "2023.03.04"]
[Round "7.2"]
[White "Rios, Cristhian Camilo"]
[Black "Barbero Sendic, Alejandro"]
[Result "1-0"]
[WhiteElo "2470"]
[BlackElo "2343"]
[PlyCount "69"]
[EventDate "2023.01.21"]
[EventType "team-tourn"]
[EventRounds "7"]
[EventCountry "ESP"]
[SourceTitle "CBM 213 Extra"]
[Source "ChessBase"]
[SourceDate "2023.05.31"]
[SourceVersion "1"]
[SourceVersionDate "2023.05.31"]
[SourceQuality "1"]
[WhiteTeam "Mollet"]
[BlackTeam "Sant Andreu"]
[WhiteTeamCountry "ESP"]
[BlackTeamCountry "ESP"]

1. c4 e6 2. g3 d5 3. Bg2 Nf6 4. Nf3 c5 5. 0-0 Nc6 6. b3 d4 7. d3 Bd6 8. e3 0-0 9. exd4 cxd4 10. a3 a5 11. Re1 h6 12. Qc2 e5 13. c5 Bc7 14. Nbd2 Re8 15. Nc4 e4 16. dxe4 d3 17. Qb2 Nxe4 18. Be3 Bf5 19. b4 axb4 20. axb4 Rxa1 21. Rxa1 Be6 22. Rc1 Bd5 23. b5 Na5 24. Nxa5 Bxa5 25. Qd4 Bb3 26. Qxd8 Rxd8 27. c6 bxc6 28. bxc6 Bc2 29. Ne1 Bxe1 30. Bxe4 Ba5 31. Ra1 Bc7 32. Ra7 Bb8 33. Bd2 Be5 34. c7 Rc8 35. Bf5 1-0

[Event "Budapest Vezerkepzo Carnival GM"]
[Site "Budapest"]
[Date "2023.02.23"]
[Round "8"]
[White "Peczely, Sebastian Zsombor"]
[Black "Rios, Cristhian Camilo"]
[Result "1/2-1/2"]
[WhiteElo "2352"]
[BlackElo "2493"]
[PlyCount "20"]
[EventDate "2023.02.16"]
[EventType "tourn"]
[EventRounds "9"]
[EventCountry "HUN"]
[EventCategory "6"]
[SourceTitle "CBM 212 Extra"]
[Source "ChessBase"]
[SourceDate "2023.03.31"]
[SourceVersion "1"]
[SourceVersionDate "2023.03.31"]
[SourceQuality "1"]

1. e4 c5 2. Nc3 Nc6 3. Bb5 g6 4. Bxc6 bxc6 5. d4 Bg7 6. dxc5 Qa5 7. Nge2 Qxc5 8. 0-0 Nf6 9. h3 0-0 10. Be3 Qa5 1/2-1/2

[Event "Budapest Vezerkepzo Carnival GM"]
[Site "Budapest"]
[Date "2023.02.17"]
[Round "2"]
[White "Rios, Cristhian Camilo"]
[Black "Csiki, Endre"]
[Result "1/2-1/2"]
[WhiteElo "2493"]
[BlackElo "2335"]
[PlyCount "44"]
[EventDate "2023.02.16"]
[EventType "tourn"]
[EventRounds "9"]
[EventCountry "HUN"]
[EventCategory "6"]
[SourceTitle "CBM 212 Extra"]
[Source "ChessBase"]
[SourceDate "2023.03.31"]
[SourceVersion "1"]
[SourceVersionDate "2023.03.31"]
[SourceQuality "1"]

1. e4 e5 2. Nf3 Nc6 3. Bb5 a6 4. Ba4 Nf6 5. 0-0 Be7 6. Re1 b5 7. Bb3 d6 8. c3 0-0 9. h3 Re8 10. Ng5 Rf8 11. d4 Bb7 12. f4 exf4 13. Bxf4 Na5 14. Bc2 Nd5 15. Nxh7 Nxf4 16. Nxf8 Bxf8 17. Rf1 Ng6 18. Nd2 Qg5 19. Qf3 f6 20. Qd3 Nf4 21. Qf3 Ng6 22. Qd3 Nf4 1/2-1/2

[Event "Catalunya-chT Gp2"]
[Site "Barcelona"]
[Date "2023.02.04"]
[Round "3.2"]
[White "Campos Moreno, Javier B"]
[Black "Rios, Cristhian Camilo"]
[Result "1/2-1/2"]
[WhiteElo "2421"]
[BlackElo "2470"]
[PlyCount "129"]
[EventDate "2023.01.21"]
[EventType "team-tourn"]
[EventRounds "7"]
[EventCountry "ESP"]
[SourceTitle "CBM 213 Extra"]
[Source "ChessBase"]
[SourceDate "2023.05.31"]
[SourceVersion "1"]
[SourceVersionDate "2023.05.31"]
[SourceQuality "1"]
[WhiteTeam "Figueres"]
[BlackTeam "Mollet"]
[WhiteTeamCountry "ESP"]
[BlackTeamCountry "ESP"]

1. d4 d5 2. c4 e6 3. Nf3 Nf6 4. Nc3 Bb4 5. e3 0-0 6. Bd3 c5 7. 0-0 dxc4 8. Bxc4 Nc6 9. Bd3 cxd4 10. exd4 h6 11. Bf4 b6 12. Qe2 Bb7 13. a3 Bd6 14. Be5 Nxe5 15. Nxe5 Rc8 16. Rac1 Bb8 17. Rfd1 Qe7 18. Ba6 Rfd8 19. Bxb7 Qxb7 20. Qf3 Qxf3 21. Nxf3 Bf4 22. Rb1 h5 23. g3 Bh6 24. Rd3 Nd5 25. Nxd5 Rxd5 26. Kf1 f6 27. Re1 Kf7 28. Rb3 g5 29. Rd1 Rc2 30. Ne1 Rc4 31. Rbd3 g4 32. Ke2 Kg6 33. f4 gxf3+ 34. Kxf3 Kf5 35. h3 e5 36. dxe5 Rxd3+ 37. Rxd3 fxe5 38. Rd7 Rc1 39. Ke2 Rb1 40. Rxa7 Rxb2+ 41. Kf1 Be3 42. Rf7+ Ke4 43. g4 hxg4 44. hxg4 Ra2 45. Ng2 Bc1 46. Rb7 Rb2 47. Ne1 Rb1 48. Ke2 Bxa3 49. g5 Rb2+ 50. Kf1 Kf5 51. Nd3 Rb1+ 52. Ke2 e4 53. Rf7+ Kxg5 54. Nf4 Rb2+ 55. Ke3 Rb3+ 56. Kxe4 Rb4+ 57. Kf3 b5 58. Nd3 Rb1 59. Ke4 b4 60. Rf5+ Kg6 61. Rb5 b3 62. Kd4 b2 63. Nxb2 Bxb2+ 64. Kd3 Rd1+ 65. Kc2 1/2-1/2

[Event "Seville op 48th"]
[Site "Seville"]
[Date "2023.01.14"]
[Round "2"]
[White "Rios, Cristhian Camilo"]
[Black "Maloberti, David"]
[Result "1-0"]
[WhiteElo "2470"]
[BlackElo "2033"]
[PlyCount "67"]
[EventDate "2023.01.13"]
[EventType "swiss"]
[EventRounds "9"]
[EventCountry "ESP"]
[SourceTitle "CBM 212 Extra"]
[Source "ChessBase"]
[SourceDate "2023.03.31"]
[SourceVersion "1"]
[SourceVersionDate "2023.03.31"]
[SourceQuality "1"]

1. d4 Nf6 2. c4 g6 3. Nc3 Bg7 4. e4 d6 5. f3 0-0 6. Bg5 h6 7. Be3 e5 8. Nge2 exd4 9. Nxd4 Nc6 10. Nc2 a5 11. Qd2 Kh7 12. Be2 Be6 13. 0-0 Nd7 14. b3 Qe7 15. Rae1 Rae8 16. Nb5 Nc5 17. Ncd4 Nxd4 18. Bxd4 b6 19. Bxg7 Kxg7 20. a3 Bc8 21. b4 axb4 22. axb4 Na6 23. Ra1 Bb7 24. Qb2+ Qe5 25. Qxe5+ Rxe5 26. Ra4 f5 27. Rfa1 Ra8 28. Bd3 f4 29. Bf1 g5 30. Nc3 c6 31. b5 Nc7 32. Rxa8 Bxa8 33. Ra7 Re7 34. Na4 1-0